| 000 | 00350nam a22001337a 4500 | ||
|---|---|---|---|
| 005 | 20150609053857.0 | ||
| 008 | 150609b xxu||||| |||| 00| 0 eng d | ||
| 080 | _a622.222 | ||
| 245 | _aThe miners' express. | ||
| 260 |
_aDubuque, Iowa : _bD.S. Wilson & A. Keesecker |
||
| 300 |
_a239 f. _bme il.; _c55-69 cm. |
||
| 650 | 1 | _2The miners | |
| 942 |
_2udc _cBK |
||
| 999 |
_c1014 _d1014 |
||